| 000 | 01131nam a22002657a 4500 | ||
|---|---|---|---|
| 005 | 20150904092624.0 | ||
| 008 | 150904b2011 mx |||||r|||| 00| 0 spa d | ||
| 020 | _a9789688395769 (Colegio de postgraduados) | ||
| 020 | _a9786074022483 (Plaza y Valdés) | ||
| 040 |
_aCO-BoIAVH _cCO-BoIAVH |
||
| 041 | 0 | _aspa | |
| 044 | _amx | ||
| 082 | 0 | 4 |
_a306.364 _bR17r |
| 245 | 1 |
_aRecomposición territorial de la agricultura campesina en América Latina _cCordinadores: Javier Ramírez Juarez y Jean Christian Tulet |
|
| 260 |
_aMéxico: _bColegio de Postgraduados, _bGeographie de l´environment, _bPlaza y Valdés, _c2011. |
||
| 300 |
_a276 páginas _bilustraciones, mapas, gráficos y tablas _c23 cm. |
||
| 504 | _aIncluye bibliografías. | ||
| 650 | 6 |
_aSistemas agrícolas _zAmérica Latina |
|
| 650 | 6 |
_aEcología agrícola _zAmérica Latina |
|
| 650 | 6 |
_aAgricultura _xPoblación campesina _zAmérica Latina |
|
| 650 | 6 |
_aAgricultura _xTerritorio _zAmérica Latina |
|
| 700 | 1 |
_aRamírez Juarez, Javier _eCoordinador |
|
| 700 | 1 |
_aChristian Tulet, Jean _eCoordinador |
|
| 942 |
_2ddc _cLIBRO |
||
| 999 |
_c17751 _d17751 |
||